Castellum Dimmidi /
محفوظ في:
المؤلف الرئيسي:
التنسيق: كتاب
اللغة: Latin
منشور في:
Paris :
E. de Boccard,
[préf. 1944].
الموضوعات:
الوسوم: إضافة وسم
لا توجد وسوم, كن أول من يضع وسما على هذه التسجيلة!
رقم الطلب: DT299 .M47 C4
| LEADER | 00808nam a22002417a 4500 | ||
|---|---|---|---|
| 003 | OSt | ||
| 005 | 20260420172841.0 | ||
| 008 | 260420t1944 fr ab b 000 0 lat d | ||
| 035 | |a OCLC 1166930972 | ||
| 040 | |c ARCE Library | ||
| 043 | |a e-rm--- | ||
| 050 | 1 | 4 | |a DT299 .M47 |b C4 |
| 100 | 1 | |a Charles-Picard, Gilbert, |e author | |
| 245 | 1 | 0 | |a Castellum Dimmidi / |c Gilbert Charles-Picard. |
| 264 | 1 | |a Paris : |b E. de Boccard, |c [préf. 1944]. | |
| 300 | |a 228 p. : |b illus., maps (part fold.) ; |c 25 cm. | ||
| 500 | |a At head of title: Gouvernement général de l'Algérie. Direction des antiquités. Missions archéologiques. | ||
| 504 | |a "Bibliographie": p. [13]-15. | ||
| 650 | 0 | |a Romans |x Antiquities. | |
| 651 | 0 | |a Messad (Algeria) |x Antiquities. | |
| 901 | |a reviewed | ||
| 942 | |c BK |2 lcc | ||
| 999 | |c 23120 |d 23120 | ||
